Vrai ou Faux Wikipédia - Statistiques

Statistiques générales
  • Ce quiz a été pris 70 fois
  • Le résultat moyen est 13 sur 20
Statistiques - réponses
Hint Explanation Réponse % Correct
Le blob est un organisme unicellulaire capable d’apprendre sans avoir de cerveau. Cf. article sur Physarum polycephalum. ✅ Vrai
87%
Le miel ne se périme jamais. S’il est bien conservé, il est naturellement antibactérien. ✅ Vrai
84%
La Joconde a été volée en 1911 par un admirateur italien patriote. ✅ Vrai
82%
La crevette-mante peut frapper avec la force d’une balle de calibre .22. ✅ Vrai
79%
Le mot ‘robot’ vient d’une pièce de théâtre tchèque. Pièce R.U.R. de Karel Čapek, 1920. ✅ Vrai
76%
Les Vikings ne portaient pas de casques à cornes. ✅ Vrai
74%
Les moustiques sont attirés par les personnes qui viennent de manger une banane Aucune étude scientifique sérieuse ne confirme ça. ❌ Faux
73%
Le premier ordinateur au monde fonctionnait avec de la vapeur d’eau. Confusion avec des ordinateurs mécaniques ou des moteurs à vapeur. ❌ Faux
69%
Le drapeau du Mozambique comporte une kalachnikov. ✅ Vrai
66%
Les girafes ne dorment jamais plus de 10 minutes d’affilée. En captivité ou à l’état sauvage, leur sommeil est fragmenté. ✅ Vrai
65%
La France a officiellement reconnu le chat comme citoyen en 1793. ❌ Faux
63%
Napoléon a été attaqué par un groupe de lapins pendant une chasse. Anecdote historique cocasse. ✅ Vrai
63%
La banane est une baie, mais la fraise ne l’est pas. Classification botanique. ✅ Vrai
61%
L’ornithorynque est l’un des rares mammifères venimeux. ✅ Vrai
61%
La tour Eiffel a été peinte en rose à l’occasion de l’Exposition universelle de 1925. ❌ Faux
56%
L’animal terrestre le plus rapide est le guépard, suivi du kangourou. Le kangourou ne suit pas le guépard en vitesse. ❌ Faux
55%
La raclette est considérée comme une invention industrielle du XXe siècle en Suisse romande. Tradition alpine ancienne, bien antérieure. ❌ Faux
52%
L’île Bouvet est l’endroit habité le plus isolé de la planète. Elle n’est pas habitée — île la plus isolée, oui, mais pas habitée. ❌ Faux
45%
La planète Uranus a été découverte accidentellement par un jardinier anglais en 1779. Découverte par William Herschel, astronome, en 1781. ❌ Faux
44%
Le dauphin est le seul mammifère marin connu pour rire sous l’eau. Aucune mention de rire, anthropomorphisme non scientifique. ❌ Faux
42%
Aucun quiz correspondant
Distribution des résultats
% des personnes avec chaque résultat
Percentile par nombre de réponses
Votre historique - résultats
Vous n’avez pas pris ce quiz